Metalwork, technology and practice/ (Record no. 185019)
[ view plain ]
| 000 -LEADER | |
|---|---|
| fixed length control field | 01326 a2200253 4500 |
| 003 - CONTROL NUMBER IDENTIFIER | |
| control field | Nust |
| 005 - DATE AND TIME OF LATEST TRANSACTION | |
| control field | 20230119114614.0 |
| 010 ## - LIBRARY OF CONGRESS CONTROL NUMBER | |
| LC control number | 74021561 |
| 020 ## - INTERNATIONAL STANDARD BOOK NUMBER | |
| International Standard Book Number | 0873451171 |
| 040 ## - CATALOGING SOURCE | |
| Transcribing agency | Nust |
| 082 00 - DEWEY DECIMAL CLASSIFICATION NUMBER | |
| Classification number | 671,LUD |
| 100 1# - MAIN ENTRY--PERSONAL NAME | |
| Personal name | Ludwig, Oswald A. |
| 9 (RLIN) | 58203 |
| 245 10 - TITLE STATEMENT | |
| Title | Metalwork, technology and practice/ |
| Statement of responsibility, etc. | Oswald A. Ludwig, |
| 250 ## - EDITION STATEMENT | |
| Edition statement | 6th ed. / |
| Remainder of edition statement | Oswald A. Ludwig, Willard J. McCarthy, Victor E. Repp. |
| 260 ## - PUBLICATION, DISTRIBUTION, ETC. | |
| Place of publication, distribution, etc. | Bloomington, Ill. : |
| Name of publisher, distributor, etc. | McKnight Pub. Co., |
| Date of publication, distribution, etc. | [1975] |
| 300 ## - PHYSICAL DESCRIPTION | |
| Extent | xii, 658 p. : |
| Other physical details | ill. ; |
| Dimensions | 24 cm. |
| 490 0# - SERIES STATEMENT | |
| Series statement | A McKnight career publication |
| 505 ## - FORMATTED CONTENTS NOTE | |
| Formatted contents note | Introduction (Page-1), Planning and Organizing Work (Page-35), Layout and Measurement (Page-51), Bench Work (Page-97) Getting Acquainted with Metals (Page-135), Threads,Taps and Dies (Page-171), Fitting and Assembling (Page-196), Adhesion and Fusion Bonding (Page-239), Fabricating Sheet Metal (Page-276), Shaping and Decorating Art Metal Objects (Page-303) Hot Metal Forming Processes (Page-325), Abrasive Material and Products, Tool Sharpening (Page-381), Controlling Quality (Page-416), Introduction to Powered Machining (Page-448), Machine Tool Processing (Page-468). |
| 650 #0 - SUBJECT ADDED ENTRY--TOPICAL TERM | |
| Topical term or geographic name entry element | Machine-shop practice. |
| 9 (RLIN) | 36237 |
| 650 #0 - SUBJECT ADDED ENTRY--TOPICAL TERM | |
| Topical term or geographic name entry element | Metal-work. |
| 700 1# - ADDED ENTRY--PERSONAL NAME | |
| Personal name | McCarthy, Willard J., |
| 9 (RLIN) | 107058 |
| 700 1# - ADDED ENTRY--PERSONAL NAME | |
| Personal name | Repp, Victor E., |
| 9 (RLIN) | 107059 |
| 942 ## - ADDED ENTRY ELEMENTS (KOHA) | |
| Source of classification or shelving scheme | |
| Koha item type | Book |
| Withdrawn status | Lost status | Source of classification or shelving scheme | Damaged status | Not for loan | Permanent Location | Current Location | Shelving location | Date acquired | Full call number | Barcode | Date last seen | Price effective from | Koha item type | Public note |
|---|---|---|---|---|---|---|---|---|---|---|---|---|---|---|
| Military College of Signals (MCS) | Military College of Signals (MCS) | General Stacks | 12/12/2016 | 671,LUD | MCS20605 | 12/08/2016 | 12/12/2016 | Book | Amirah No.55, Shelf No.5 |
